Naruto / Boruto - Habitants de la Grotte Ryushi et ses invocateurs - Statistiques

Statistiques générales
  • Ce quiz a été pris 63 fois
  • Le résultat moyen est 6 sur 13
Statistiques - réponses
Par images Réponse % Correct
Sasuke
84%
Boruto
81%
Kabuto
78%
Orochimaru
76%
Anko
62%
Manda
59%
Mitsuki
59%
Aoda
54%
Garaga
16%
Yamata
11%
Manda Clone
5%
Serpent Blanc Ermite
3%
Trois Serpents Geants
3%
Aucun quiz correspondant
Distribution des résultats
% des personnes avec chaque résultat
Percentile par nombre de réponses
Votre historique - résultats
Vous n’avez pas pris ce quiz